The Construction Industry of Great (Record no. 3137)
[ view plain ]
| 000 -LEADER | |
|---|---|
| fixed length control field | 00331nam a22001337a 4500 |
| 008 - FIXED-LENGTH DATA ELEMENTS--GENERAL INFORMATION | |
| fixed length control field | 250424b |||||||| |||| 00| 0 eng d |
| 020 ## - INTERNATIONAL STANDARD BOOK NUMBER | |
| ISBN | 0750636564 |
| 100 ## - MAIN ENTRY--AUTHOR | |
| Author | HARVEY, Roger |
| 245 ## - TITLE STATEMENT | |
| Title | The Construction Industry of Great |
| 260 ## - PUBLICATION, DISTRIBUTION, ETC. (IMPRINT) | |
| Place of publication | Great Britain |
| Name of publisher | MPG Books |
| Date of publication | 1999 |
| 300 ## - COLLATION | |
| Pagination | 322p. |
| 942 ## - ADDED ENTRY ELEMENTS (KOHA) | |
| Item type | Books |
| 050 ## - LIBRARY OF CONGRESS CALL NUMBER | |
| Classification number | HD9715 |
| Item number | .C66 |
| Source of classification or shelving scheme | Not for loan | Permanent location | Current location | Date acquired | Accession No. | Full call number | Barcode. | Koha item type |
|---|---|---|---|---|---|---|---|---|
| Library of Congress Classification | Samuel Ogbemudia Main Library, University of Abuja | Samuel Ogbemudia Main Library, University of Abuja | 04/24/2025 | 2002-23714 | HD9715.C66 | 2025-1557 | Books |